Disciple Kenichi Characters Quiz Stats

 Plays Quiz not verified by Sporcle

Also try: Love Triangles
Challenge
Share
Tweet
Embed
Score 0/40 Timer 06:00
0 Plays Today
Martial Art Character % Correct
Karate/Jujutsu/Chinese Martial Arts/Muay ThaiKenichi Shirahama
63.4%
WeaponsShigure Kosaka
61.6%
Muay ThaiApachai Hopachai
60.8%
SumoYuma Chiaki
55.2%
BoxingIkki Takeda
53.7%
KarateShio Sakaki
51.9%
Tae Kwon DoKisara Nanjo
50.7%
JudoKozo Ukita
42.5%
Command SamboBoris Ivanov
39.9%
Street FightingBerserker
39.6%
Lucha LibreRachel Stanley
39.6%
AikijujutsuAkisame Koetsuji
38.4%
Chinese Martial Arts (Pinyin Róu)Kensei Ma
38.4%
Personal Escape ArtHaruo Niijima
38.1%
Chinese Martial Arts (Hikaken and Hakkyoken especially)Natsu Tanimoto
38.1%
Lucha LibreDiego Carlo
37.7%
Various One Shadow, Nine Fists martial artsSho Kano
35.1%
Command SamboAlexander Gaidar
35.1%
Hybrid Martial ArtMiu Furinji
34.7%
Chinese KempoSougetsu Ma
33.6%
Martial Art Character % Correct
KarateAkira Hongo
32.5%
Unknown (Vast Knowledge/Movement Imitation)Hayato Furinji
30.6%
Muay Thai/Muay BoranTirawit Kokin
30.2%
Ancient Martial Arts/Karate/BoxingRyuto Asamiya
29.9%
KalarippayattuEthan Stanley
29.9%
Muay Thai/Muay BoranAgaard Jum Sai
29.9%
Chinese KempoRenka Ma
29.5%
Pencak SilatRadin Tidat Jihan
27.6%
UnknownSaiga Furinji
27.2%
Pencak SilatSilcardo Jenazad
26.5%
JujutsuMikumo Kushinada
25.7%
JujutsuChikage Kushinada
25.4%
Go no SenHibiki Kugenin
23.9%
JojutsuKaname Kugatachi
23.9%
KalarippayattuSehrul Rahman
23.5%
At least Kung Fu and Jujutsu and likely moreIsshinsai Ogata
22.8%
Likely the various One Shadow, Nine Fists martial artsKajima Satomi
21.6%
KarateLoki
19.8%
Zui QuanLi Raichi
18.7%
Piguaquan/BājíquánChou Enshin
16.8%

You're not logged in!

Compare scores with friends on all Sporcle quizzes.
OR
Log In

You Might Also Like...

Show Comments

Extras

Top Quizzes Today


Score Distribution

Your Account Isn't Verified!

In order to create a playlist on Sporcle, you need to verify the email address you used during registration. Go to your Sporcle Settings to finish the process.

Report this User

Report this user for behavior that violates our Community Guidelines.

Details: